| 000 | 00830nab a2200253 u 4500 | ||
|---|---|---|---|
| 001 | 17968 | ||
| 003 | HDC | ||
| 007 | cr bn ---aaaaa | ||
| 008 | 210225c20100212xx dr|noo 0 a eng d | ||
| 040 | _aHDC | ||
| 100 |
_aMelati Mohd Ariff _eauthor _914335 |
||
| 245 | 0 |
_aMore Study On Halal Needed / by _cMelati Mohd Ariff |
|
| 260 |
_a[No place] : _b[publisher not identified], _c2010 |
||
| 336 |
_atext _2rdacontent |
||
| 337 |
_acomputer _2rdamedia |
||
| 338 |
_aonline resource _2rdacarrier |
||
| 650 |
_ahalal aspect _917092 |
||
| 650 |
_ahalal products _9642 |
||
| 710 | _aHalal Focus | ||
| 856 | _zRequest full-text at [email protected] | ||
| 942 | _2lcc | ||
| 942 | _cNEWS | ||
| 942 | _kNWSO 006008 | ||
| 999 |
_c15284 _d15284 |
||